Analýza vývoja malého a stredného podnikania na Slovensku v porovnaní s Českou republikou
Stručný vývoj malého a stredného podnikania na Slovensku. Malé a stredné podnikanie v Českej republike. MSP v Slovenskej republike v porovnaní s MSP v Českej republike. Vývoj počtu živnostníkov a podnikateľov. Hodnotenie podmienok podnikania. Bariéry v podnikaní. Predmet podnikateľskej činnosti. Vyu...
Guardado en:
| Autor principal: | |
|---|---|
| Otros Autores: | |
| Formato: | Capítulo de libro |
| Lenguaje: | eslovaco |
| Materias: | |
| Etiquetas: |
Sin Etiquetas, Sea el primero en etiquetar este registro!
|
MARC
| LEADER | 00000naa a2200000 4500 | ||
|---|---|---|---|
| 001 | 0190935 | ||
| 005 | 20240502073218.2 | ||
| 041 | 0 | |a slo | |
| 044 | |a SK | ||
| 245 | 1 | 0 | |a Analýza vývoja malého a stredného podnikania na Slovensku v porovnaní s Českou republikou |c Helena Strážovská, Viera Pauliková |
| 520 | |a Stručný vývoj malého a stredného podnikania na Slovensku. Malé a stredné podnikanie v Českej republike. MSP v Slovenskej republike v porovnaní s MSP v Českej republike. Vývoj počtu živnostníkov a podnikateľov. Hodnotenie podmienok podnikania. Bariéry v podnikaní. Predmet podnikateľskej činnosti. Využitie podpory z podporných programov a iniciatív v SR a v ČR. | ||
| 610 | 2 | 0 | |a podnikanie malé |
| 610 | 2 | 0 | |a podnikanie stredné |
| 610 | 2 | 0 | |a podnik malý |
| 610 | 2 | 0 | |a podnik stredný |
| 610 | 2 | 0 | |a prostredie podnikateľské |
| 610 | 2 | 0 | |a živnostníci |
| 610 | 2 | 0 | |a podnikatelia |
| 610 | 2 | 0 | |a osoby fyzické |
| 610 | 2 | 0 | |a osoby právnické |
| 610 | 2 | 0 | |a Slovensko |
| 610 | 2 | 0 | |a Česko |
| 100 | 1 | |a Strážovská, Helena | |
| 700 | 1 | |a Pauliková, Viera | |